000 00419nam a2200181Ia 4500
001 4179
005 20260306145736.0
008 260306t2009||||xx |||||||||||||| ||spa||
041 _aESP
082 _a320
_bA32
100 _aÁguila, Rafael del
_eAUT
245 0 _aManual de ciencia política
260 _c2009
300 _a514 páginas :
_c23 cm.
650 _aGEN
654 _aCDE
942 _cLIB
_dJUS
_fJUS
_2ddc
_n
999 _c4179
_d4179